000 00676nam a22001577a 4500
005 20250808095534.0
008 250808b |||||||| |||| 00| 0 eng d
050 _aTHE LB 1028.3 .N93 2021
_bC.1
100 _aNyarango, Danvers Marita
245 _aInformation Communication Technology's Effect on the Academic Performance of Secondary Schools in Kajiado County, Kenya
260 _aKisii
_bKisii University
_c2021
300 _axvi, 75p.:ill.
500 _aIncludes bibliographical references
650 _a1. Educational technology - Kenya. 2. Information technology - Educational applications. 3. High school students - Kenya - Academic performance.
942 _2lcc
_cREF
999 _c216002
_d216002